Представление документа в формате MARC21

Поле Инд. ПП Название Значение
Тип записи a
Библиографический уровень b
001 Контрольный номер RU/IS/BASE/220461075
005 Дата корректировки 20200522191057.3
008 Кодируемые данные 20061226
040 b Код языка каталог. rus
e Правила каталог. PSBO
041 0_ a Код языка текста rus
084 a Индекс другой классификации/Индекс ББК 66.4(0),4; 60.562.5; 81.006.2
100 1_ a Автор Януш О. Б.
245 10 a Заглавие Языковое измерение межгосударственных интеграционных процессов
504 a Библиография Библиогр. ссылки
650 04 a Основная рубрика международные отношения
a Основная рубрика политика
a Основная рубрика социолингвистика
a Основная рубрика социология
a Основная рубрика филологические науки
a Основная рубрика языкознание
653 0_ a Ключевые слова интеграционные процессы
a Ключевые слова интеграция
a Ключевые слова культурное сотрудничество
a Ключевые слова политическая интеграция
a Ключевые слова языковая политика
773 0_ t Заглавие источника Вестник Московского университета. Серия 18, Социология и политология
d Дата издания источника 2006
g Прочая информация № 4. - С. 153 - 157
w Контрольный № источника RU/IS/BASE/219330550
901 t Тип документа b